Statistics for Sangster International Airport Destinations (Montego Bay, Jamaica)

Click here to take the quiz!

General Stats

  • This quiz has been taken 18 times
  • The average score is 46 of 50

Answer Stats

AirlineDestination% Correct
TUI fly NetherlandsAmsterdam
100%
Delta Air Lines/Frontier AirlinesAtlanta
100%
American Airlines/Delta Air Lines/JetBlueBoston
100%
TUI fly BelgiumBrussels
100%
Frontier Airlines/Southwest AirlinesChicago (Midway)
100%
American Airlines/United AirlinesChicago (O'Hare)
100%
American Airlines/Frontier AirlinesDallas/Fort Worth
100%
Frontier Airlines/United AirlinesDenver
100%
Delta Air LinesDetroit
100%
CondorFrankfurt
100%
Southwest AirlinesHouston (Hobby)
100%
United AirlinesHouston (Intercontinental)
100%
Norse Atlantic Airways/TUI AirwaysLondon (Gatwick)
100%
Virgin AtlanticLondon (Heathrow)
100%
American Airlines/Frontier AirlinesMiami
100%
NeosMilan (Malpensa)
100%
Air Canada Rouge/Air Transat/Sunwing AirlinesMontreal (Trudeau)
100%
JetBlue/United AirlinesNewark
100%
American Airlines/Caribbean Airlines/Delta Air Lines/JetBlueNew York (JFK)
100%
Frontier Airlines/JetBlue/Southwest Airlines/Spirit AirlinesOrlando
100%
WestJetOttawa
100%
Air Canada Rouge/Air Transat/Sunwing Airlines/Swoop/WestJetToronto (Pearson)
100%
Edelweiss AirZurich
100%
American EagleAustin
92%
Southwest AirlinesBaltimore
92%
WestJetCalgary
92%
American AirlinesCharlotte
92%
Sunwing AirlinesEdmonton
92%
Air Transat/Sunwing AirlinesHalifax
92%
AerogaviotaHavana
92%
Delta Air Lines/Sun Country AirlinesMinneapolis/St. Paul
92%
Frontier AirlinesTampa
92%
United AirlinesWashington (Dulles)
92%
WestJetWinnipeg
92%
TUI AirwaysBirmingham
85%
Caribbean Airlines/JetBlue/Southwest Airlines/Sun Country Airlines/Spirit AirlinesFort Lauderdale
85%
TUI AirwaysGlasgow
85%
Cayman AirlinesGrand Cayman
85%
TUI AirwaysManchester (UK)
85%
Copa AirlinesPanama City (Tocumen)
85%
American Airlines/Frontier Airlines/Spirit AirlinesPhiladelphia
85%
CondorDusseldorf
77%
Sunwing Airlines/SwoopHamilton
77%
AerogaviotaHolguin
77%
InterCaribbean AirwaysKingston (Norman Manley)
77%
Frontier Airlines/Southwest AirlinesSt. Louis
77%
NeosVerona
77%
Southwest AirlinesKansas City
69%
Sunwing AirlinesMoncton
62%
Sunwing AirlinesSt. John's
62%

Score Distribution

Percentile by Number Answered

Percent of People with Each Score

Your Score History

You have not taken this quiz